000 00973nam0a22002531 4500
001 rc\520922
005 20030616165159.0
035 _a(NLR Aleph) 005759985
090 _a4930535
_c4930535
100 _a20030616d1987 u |0rusy50 ca
101 0 _arus
102 _aRU
105 _aa |||||||||
200 1 _aПланирование полевых опытов на склонах
_e(Метод. рекомендации)
_fВАСХНИЛ, ВНИИ земледелия и защиты почв от эрозии
_g[Подгот. М.К. Пружин и др.]
210 _aКурск
_cБ. и.
_d1987
215 _a50 c.
_cил.
_d20
320 _aБиблиогр.: с. 31 (17 назв.)
702 1 _aПружин
_bМ. К.
_4570
712 0 2 _aВНИИ земледелия и защиты почв от эрозии
_cКурск
_3RU\NLR\AUTH\889918191
801 0 _aRU
_bNLR
_gpsbo
801 1 _aRU
_bELAR
_2rusmarc
852 _aNLR
_j87-4/14996
942 _cBOOK
980 _aNB